Disaster Management for Health Care Professionals (Record no. 157488)

MARC details
000 -LEADER
fixed length control field 00369nam a2200133Ia 4500
008 - FIXED-LENGTH DATA ELEMENTS--GENERAL INFORMATION
fixed length control field 230411s9999 xx 000 0 und d
041 ## - LANGUAGE CODE
Language code of text/sound track or separate title eng
082 ## - DEWEY DECIMAL CLASSIFICATION NUMBER
Classification number CH/610.7349/JOS/B07358
100 ## - MAIN ENTRY--PERSONAL NAME
Personal name Joshi Sonopant
245 ## - TITLE STATEMENT
Title Disaster Management for Health Care Professionals
260 ## - PUBLICATION, DISTRIBUTION, ETC. (IMPRINT)
Name of publisher, distributor, etc. Jaypee Brothers
Place of publication, distribution, etc. New Delhi
Date of publication, distribution, etc. 2012
300 ## - PHYSICAL DESCRIPTION
Extent 156p
Holdings
Withdrawn status Lost status Damaged status Not for loan Collection code Home library Current library Date acquired Vendor Cost, normal purchase price Bill number Shelving control number Full call number Barcode Date last seen Cost, replacement price Bill Date Koha item type Original Barcode
      Reference   Smt. Bakul Tambat Institute of Nursing Education Smt. Bakul Tambat Institute of Nursing Education 31/12/2012 Jaypee Brothers Medical Publishers 225.00 4075 2 CH 610.7349 JOS B07358 BTIN-BK-7358 11/04/2023 164.00 31/12/2012 Books B07358